000 01082nas a2200361 4500
001 BR0001890
003 BR-BrBNA
005 20231205101819.0
007 ta
008 230509b bl.|||p| |||| 00| 00por d
040 _aBR-BrBNA
_bpor
_cBiblioteca Nacional de Agricultura
041 _a(Pt)
072 _aL51
100 1 _aMartins, A. de S.
100 1 _aPrado, I.N. do
100 1 _aZeoula, L.M.
100 1 _aBranco, A.F.
100 1 _aNascimento, W.G. do
245 1 _aDigestibilidade aparente de dietas contendo milho ou casca de mandioca como fonte energetica e farelo de algodao ou levedura como fonte proteica em novilhas
650 _aNovilho
650 _aDigestibilidade Aparente
650 _aDieta
650 _aRacao
650 _aCasca
650 _aMandioca
650 _aFarelo
650 _aAlgodao
650 _aProteina
650 _aPARANÁ
773 0 _tRevista Brasileira de Zootecnia (Brazil)
_xISSN 1516-3598
_g(Jan-Feb 2000), v. 29(1) p. 269-277
_wBR0001890
909 _a202311
_bLúcia
_c55
_dLúcia Elande
942 _2AGRIS
_n0
_cANA
999 _c164097
_d164097